[Event "NK Jeugd t/m 20"]
[Site "Mainz - Emsdetten"]
[Date "2008.04.30"]
[Round "6"]
[White "Pruijssers, Roeland"]
[Black "Miedema, Roi"]
[Result "1-0"]
[WhiteElo "2390"]
[BlackElo "2261"]
[Annotator "Pruijssers,Roeland"]
[PlyCount "71"]
[SourceDate "2007.05.04"]

1. e4 e6 2. d4 d5 3. Nc3 Bb4 4. e5 Ne7 5. a3 Bxc3+ 6. bxc3 c5 7. Qg4 O-O 8. Bd3
Nbc6 9. Qh5 Ng6 10. Nf3 Qc7 11. Be3 c4 12. Bxg6 fxg6 13. Qg4 Qf7 14. Ng5 Qe8
15. h4 Ne7 16. Qe2 b5 $146 17. g4 (17. h5) 17... Bd7 $5 (17... h6 18. Nh3 Bd7
19. Kd2 a5 20. h5 gxh5 21. Rag1 (21. g5)) 18. h5 (18. Kd2 $5 a5 19. h5 gxh5 20.
Rxh5 h6 21. Nh3 Qf7 22. Nf4) (18. Nh3 $5 {RP. Het idee is om eerst een paard
op f4 te zetten en daarna pas h5 te spelen. Ik heb dit echter al eens gedaan
en het leek in de partij: Pruijssers - Grigoryan, WK t/m 18 Kemer 2007 te
langzaam.}) 18... gxh5 (18... h6 19. Nh3 g5 {
Dit lijkt de beste oplossing voor zwart. Wit heeft echter} 20. f4 $36 {
en hoewel zwart nog tanig kan verdedigen, lijkt de witte aanval eerder door te
stomen.}) 19. Rxh5 (19. Kd2 h6 (19... a5 20. Rxh5 (20. Rag1 b4 21. Rxh5 h6 22.
Nh3 Qf7)) 20. Nh3 hxg4 21. Qxg4 Qg6 22. Qe2 Nf5 23. Nf4 Qf7 24. Rag1 Kh7 25.
Nh5 Rg8 26. Qf3 Kh8 27. Ng3 Kh7) 19... h6 20. Nh3 (20. Nf3 Qf7 21. Rh3 Ng6)
20... Qg6 $5 {
Een nieuw idee van mijn tegenstander. Dit lijkt echter te langzaam.} (20... Qf7
$5 {RP} 21. Nf4 (21. g5 $6 Be8 22. Nf4 (22. Rh4 $6 Ng6 23. Rg4 h5 24. Rg3 h4)
22... Ng6 (22... Qxf4 $5 {VC} 23. Bxf4 Bxh5 24. Qxh5 Rxf4 25. gxh6 g6 26. Qg5
Rf7 27. Qg4 Rf5 28. Rb1 a6 29. a4 Rb8 30. axb5 Rxb5 31. h7+ Kh8 32. Rxb5 axb5)
23. Nxg6 Qxg6 {zie 21.Pf4}) 21... Ng6 $140 $1 (21... a5 22. Kd2 b4 23. Rg1) 22.
Nxg6 Qxg6 23. g5 (23. O-O-O Be8 (23... b4 $5 24. cxb4 a5 $132) 24. Rh3 (24.
Rdh1 Qf7 (24... Qh7 25. R5h4 a5 26. Bxh6 gxh6 27. Rxh6 Qe4 28. Qd2 Qf4 29. Rh8+
Kg7 30. R1h7+ Kg6 31. Qxf4 Rxf4 32. Re7 Bc6 33. Rxe6+ Kf7 34. Rhh6 $16 Bd7 35.
Rd6 (35. Rb6) 35... Bxg4 36. Rh7+ Ke8 37. Rh4 b4 38. Rg6 Kf7 (38... Ke7 39.
Rhxg4 Rxg4 40. Rxg4 bxa3 41. Rg7+ Ke6 42. Rg6+ Ke7 43. Kb1 Rb8+ 44. Ka1 Rb2 45.
f4 Rxc2 46. f5 Rf2) 39. Rhxg4 Rxg4 40. Rxg4) 25. R5h3 Qe7 26. Bxh6 (26. Kb2 a5
27. g5 (27. Bxh6 gxh6 28. Rxh6 Qg7 29. f4 b4 30. Qh2 $18) 27... h5 28. Rxh5 Bg6
29. Rh8+ Kf7 30. Qf3+ Bf5 31. g6+) 26... Qxa3+ 27. Kd2 (27. Kb1 gxh6 28. Rxh6
Qxc3 29. Rh8+ Kg7) 27... gxh6 28. Rxh6 b4 29. Rh8+ Kg7) 24... a5 25. Rdh1 Qh7
26. Bxh6 (26. g5 h5 27. g6 Bxg6) 26... gxh6 27. Rxh6 Qg7 (27... Qe4 28. Qd2 Qf4
29. Rh8+ Kg7 30. R1h7+ Kg6 31. Qxf4 Rxf4 32. Re7 Bc6 33. Rxe6+ (33. Rxa8 Bxa8
34. Rxe6+ Kg5 35. Ra6 Bb7) 33... Kf7 34. Rhh6 Bd7 35. Rd6 Bxg4 36. Rh7+ Ke8 37.
Rh4)) (23. Rh3 $5 a5 (23... Be8 24. O-O-O) (23... Be8) 24. Kd2 (24. g5) 24...
b4) (23. Kd2 Be8) (23. Kd2 Be8 24. Rah1) 23... Be8 24. Rh4 h5 25. O-O-O Qf7 26.
Rdh1 Qf3 $11) 21. Nf4 Qe4 22. f3 Qh7 23. Kd2 (23. Rh3 $1 a5 24. Nh5 $140 $16 (
24. g5 Rxf4 25. Bxf4 Qf5 26. Qh2) (24. g5 Rxf4 25. Bxf4 Qf5 26. Qh2 Ng6 27. Be3
) 24... b4 25. Nxg7 Kxg7 (25... Qxg7 26. Bxh6 Qh7 27. Qh2 Rf7 28. Bg5 Qg7 29.
Bxe7 Rxe7 30. O-O-O $18) 26. Rxh6 Qg8 27. Qh2 Rxf3 28. Ke2 Rxe3+ 29. Kxe3 $18)
23... a5 24. Rg1 $2 (24. g5 $1 b4 25. gxh6 g6 (25... gxh6 26. Rg1+ Kf7 27. Nxe6
$1) 26. Rg5 $40 Kh8 27. Rag1 Rg8 28. cxb4 (28. Nh5 gxh5 29. Rg7 Qf5) (28. Bf2
bxa3 29. R5g4 g5 30. Nh5 Ba4) 28... axb4 29. axb4 Ra2 30. Ke1 Ba4 31. Qh2 Bxc2
32. Nxe6) 24... b4 $2 (24... Ng6 $1 25. Nh3 b4 26. g5 Rf5 $1) 25. g5 Rxf4 26.
Bxf4 {Dit schijnt nog allemaal voorbereiding te zijn van de zwartspeler.} Qf5
27. Qh2 (27. Be3 $5) 27... Be8 $1 (27... b3 $5 28. gxh6 (28. Kc1 $5) 28...
Qxc2+ 29. Ke1 $1 Qb1+ (29... Qxc3+ 30. Bd2 $1) 30. Kf2 Qc2+ 31. Kg3 Nf5+ 32.
Kg4 Be8 33. Rh3 gxh6 34. Qxc2 bxc2 35. Rh2 Ba4 36. Bxh6 $16) 28. g6 $1 (28.
gxh6 $2 Qxh5 29. Rxg7+ Kf8 30. Qxh5 Bxh5 31. Bg5 Nf5 $1 (31... Ng6 32. Bf6 $1)
32. Rb7 Bg6 $1 33. h7 Bxh7 34. Rxh7 Kg8 35. Rh1 bxa3 $17) 28... Qf8 29. Bxh6
Bxg6 30. Rhg5 $2 (30. Rh3 $1 gxh6 31. Rxh6 Qg7 (31... bxc3+ 32. Kxc3 Kf7 33.
Qh4 $40) 32. Qh3 $1 (32. Qh4 Kf7) 32... Ra6 (32... bxc3+ 33. Kxc3 Ra6 34. Qh4
Ra7 35. Rb1 Nc6 36. Rb6) 33. cxb4 (33. Qh4 $6 Ra7 $1 34. Qh3 Ra6 $11) 33... c3+
34. Kxc3 Rc6+ 35. Kd2 axb4 36. axb4 Rxc2+ 37. Kd1 Rc6 38. Rg4 $16 {
zwart zit bijna in zetdwang.}) (30. Rxg6 Nxg6 31. Rg5 Kh7 $1) 30... Qf7 $2 (
30... Qxf3 $1 31. Kc1 $1 (31. R5g3 Qf5 32. Kc1 bxa3 $1 33. Rg5 Qf7 34. Kb1 Rb8+
$132) 31... Qxc3 32. Rxg6 Qa1+ 33. Kd2 Qxd4+ 34. Kc1 Qa1+ $11) 31. Rxg6 $1 Nxg6
32. Qh5 Qf5 33. Rg5 $1 {En wit wint gemakkelijk.} (33. Qxf5 $5 exf5 34. Rxg6
Kh7 35. Rxg7+ Kxh6 36. Rg1 bxa3 37. Ke3 {
met nog steeds winstkansen voor wit, maar ze zijn wel verkleind.}) 33... Qf4+
34. Kd1 bxa3 35. Rxg6 Qf7 36. Bxg7 1-0

[Event "NK Jeugd t/m 20"]
[Site "Mainz - Emsdetten"]
[Date "2008.05.01"]
[Round "7"]
[White "Swinkels, Robin"]
[Black "Pruijssers, Roeland"]
[Result "0-1"]
[WhiteElo "2404"]
[BlackElo "2390"]
[Annotator "Pruijssers,Roeland"]
[PlyCount "86"]
[SourceDate "2007.05.04"]

1. Nf3 Nf6 2. g3 g6 3. Bg2 Bg7 4. d4 O-O 5. O-O d6 6. a4 $5 {Een zeldzaam
zetje dat toch niet geheel ongevaarlijk is. Romanishin is de grote man van
deze opening.} a5 (6... Nbd7) (6... Na6) (6... c6) 7. Nc3 Nc6 (7... d5 {
is ook een zeer interessante optie.}) 8. Nb5 (8. d5 {8.Pb5 is de nieuwe zet
van Romanishin. 8.d5 kreeg eerder de voorkeur. En ik denk dat deze partij de
reden is voor die verandering is.} Nb4 9. h3 e6 10. dxe6 Bxe6 11. Nd4 Bc8 12.
e4 d5 13. exd5 Nfxd5 14. Nce2 c6 15. c3 Na6 16. Nf4 Nac7 17. h4 Nxf4 18. Bxf4
Ne6 $11 {Romanishin,O - Isonzo,D Bratto 2002}) 8... Nb4 $6 {Ik heb niet echt
vertrouwen in deze zet. Ik geef wit nu wat tempi. Maar ik speelde dit met de
vraag of die tempi echt verschil uitmaken.} (8... Bd7 9. Bg5 h6 10. Bxf6 Bxf6
11. Qd2 Bg7 12. Rad1 Nb4 13. e4 c6 14. Na3 b5 15. c3 Na6 16. Rfe1 bxa4 17. Nc4
Qc7 18. Ra1 c5 19. d5 Rab8 {Romanishin,O - Hennigan,M Campillos 2006 met
waarschijnlijk zelfs een plusje voor zwart. Deze opening is zeer flexibel en
je moet veel begrijpen van d4-openingen wil je hier iets van begrijpen.}) 9. c3
Na6 10. Re1 c6 11. Na3 Ne4 $5 $146 (11... d5 12. Ne5 {
nu heeft wit Te1 en Pe5 meer dan zwart.} Nd7 13. Nxd7 Bxd7 14. e4 dxe4 15. Bxe4
Be6 16. Qe2 Nc7 17. Nc4 Nd5 18. h4 $6 (18. Bg2) 18... Nf6 19. Bg2 Bd5 20. Bh3
Bxc4 $6 (20... Re8 {met gelijkspel voor zwart.}) 21. Qxc4 {
Romanishin,O - Vovk,A Alushta 2005} e6 {with a playable position voor black.})
12. Bf4 $1 (12. Ng5 {bijvoorbeeld.} Nxg5 13. Bxg5 h6 14. Bf4 e5 $11) (12. Nc4
$5) 12... f5 $5 {Deze opening doet mij denken aan de opening: 1.d4 f5. Ik
dacht dat het wel gunstig voor mij zou zijn, omdat er in die opening veelal
met een paard op c3 gespeeld wordt.} 13. Nd2 (13. Qc1 $5 Be6 14. Bh6 Bxh6 (
14... Nc7 15. Bxg7 Kxg7 16. Nd2 Nxd2 17. Qxd2 Bd5 18. e4 Bxe4 19. Bxe4 fxe4 20.
Rxe4 e6 (20... d5 21. Rh4 Kg8 22. Re1) 21. Rae1 h6 22. h4 Qe7 23. Kg2 Rf7 24.
R1e2 Raf8) 15. Qxh6 Qb6 16. Nd2) 13... g5 $6 (13... e5 $1 14. dxe5 dxe5 15.
Nxe4 (15. Be3 Nxd2 $11) 15... exf4 16. Qb3+ (16. Nd6 fxg3 17. hxg3 (17. Qb3+
Kh8 18. Nf7+ Rxf7 19. Qxf7 gxf2+ 20. Kxf2 Nc5 $44 {
met goede compensatie voor zwart.}) 17... Qe7 18. Nac4 Be6 $1 {
met minimaal gelijkspel voor zwart.}) 16... Kh8 17. Rad1 Qe7 18. Nd6 fxg3 19.
hxg3 f4 $132) (13... Nxd2 14. Qxd2 e5 15. dxe5 dxe5 16. Qxd8 Rxd8 17. Bg5 Re8
18. Nc4 $36) (13... d5 $6 14. Nf3 (14. f3 g5 $1 (14... Nd6 15. e4 $14) 15. Be5
Bxe5 16. fxe4 (16. dxe5 Nec5) 16... Bg7 17. exd5 cxd5 18. Qb3 e6) 14... Qb6 15.
Rb1 c5 16. Be5 cxd4 17. cxd4 Bd7 18. Bxg7 Kxg7 19. Ne5 Bc6 20. f3 Nd6 21. b3 f4
22. e3 fxe3 23. Nc2 Nf5 24. Bh3 Nb4 25. Bxf5 Rxf5 26. Nxe3 $14) 14. Be3 Nxc3
15. Qb3+ $6 (15. bxc3 $1 f4 16. Bxf4 gxf4 17. e3 fxg3 (17... fxe3 18. Rxe3 $1
d5 19. Qb3 $14 {Ik meende in zo'n stelling gelijkspel te hebben, maar mijn
zwartveldige loper compenseert bij lange na niet voor mijn achtergebleven pion
en open koningsstelling.}) 18. hxg3 $14 e5 19. d5 $1 (19. Qb3+ d5) 19... Nc7
20. dxc6 d5) 15... Nd5 16. Bxg5 $6 (16. Bxd5+ cxd5 17. Bxg5 Nb4 18. Nf3 $13 {
Als zwart e5 kan spelen zonder grote gevolgen, dan heeft zwart geen problemen
meer. Het probleem echter is de pion op d5. Deze belieft voortdurende dekking.
Zwart heeft daartegenover wel het loperpaar en een mooi overwicht in het
centrum. Ik zou dus eigenlijk zeggen dat zwart gelijkspel heeft, maar de
stelling is iets te complex voor mij om het als zodanig te bestempelen:
onduidelijk dus.}) 16... Nab4 $15 17. e4 $2 {
Dit zorgt voor een enorme zwakte voor wit: d4.} (17. e3 Be6 {waarna ik liever
zwart heb, omdat de witte zwartveldige loper buitengesloten lijkt te staan.}) (
17. Nf3 {waarschijnlijk de beste zet.} Be6 18. Qd1 Qe8 $15) 17... fxe4 18. Rxe4
Rf7 19. Rae1 Bf5 20. Rh4 $13 (20. R4e2 Bxd4 21. Nf3 (21. Bxe7 Nxe7 22. Rxe7
Bxf2+ $1 $17) 21... Bc5 $1 22. Bxe7 Bxf2+ $1 23. Rxf2 (23. Kxf2 Qb6+ 24. Kf1
Bd3 25. Bg5 Raf8 {met een dodelijke aanval.}) (23. Kh1 Qd7) 23... Rxe7 $17)
20... Qf8 {Nu is het niet gemakkelijk om een zet te vinden voor wit. Vanwege
de vele mogelijkheden ben ik wat rond gaan lopen. Dit zodat ik me niet hoef te
pijnigen over de vraag: 'Wat moet wit hier doen?' Het antwoord is niet
makkelijk.} (20... Qd7 $5 21. Ndc4 Raf8 22. Nxa5 Bg6 23. Rf1 (23. Re2 Qf5 24.
Bd2 Qd3 25. Qc4 Qxc4 26. N5xc4 Nd3) 23... Qe6 24. Be3 Bf6 25. Rh6 Bg7) (20...
Qc7 21. Ndc4 Raf8 22. Ne3 Nxe3 23. Qxe3) 21. Nf3 $6 (21. Be4 $1 Kh8 (21... Bxe4
22. Rexe4 Rxf2 $2 23. Bf4 $1) (21... e6 $5 22. Nc2) 22. Qf3 e6 23. g4 Bxe4 24.
Qxe4 {Dit was een beter idee. Nu heeft wit zijn dame geactiveerd.}) 21... Bg6 {
Dit speelde ik met het idee om hem indirect te vragen of hij remise wilde. Dan
zou ik weten hoe hij zat te denken.} 22. Rd1 $2 {
pakt het enige goede vlugtveld voor de witte dame af.} (22. Re6 $1 $13 Bf5 (
22... Bd3 23. Ne1 Bf5 24. Re2 e6 (24... Ra6 25. Kh1)) 23. Re1 Bg6 24. Re6 {
Zwart hoor hier natuurlijk geen zetten te herhalen.} Bd3 25. Ne1 Bf5 26. Re2
Re8 $15) 22... b5 $1 {
Een lekker zetje. Zeker als je tegenstander in tijdnood begint te verkeren.}
23. Bf4 (23. axb5 a4 24. Qc4 Rxf3 25. Bxe7 $1 Qf7 $1 26. bxc6 (26. Bxf3 $2 Qxf3
{met een dodelijk initiatief voor zwart.} 27. Rd2 (27. Re1 Nd3 28. Rf1 Re8 29.
Bxd6)) (26. Qe2 Rd3) 26... Rxf2 {met een gewonnen stelling voor zwart.}) (23.
Rc1 {Dit lijkt het beste te zijn.} bxa4 24. Qd1 $140 Rb8 $17) 23... bxa4 24.
Qc4 Nxf4 (24... h6 {Fritz heeft een voorkeur voor deze zet. Het idee
hierachter is om sipelweg met Te8 en e6 druk te zetten op de slechte positie
van de witte toren op h4, de loper op f4 en het paard op f3. Je kunt het een
vorm van aanval op gepend stuk noemen. Ik houd hier wel van. Waarom wit helpen
om een keuze te maken?} 25. Ne1 e6 {
met de dreiging 26...Pxf4 27.Txf4 28.Txf4 d5!}) 25. Rxf4 d5 $6 {
When you have the bishoppair, you should keep your pawnstructure flexible.} (
25... Kh8 $1 {weer met slow play.}) 26. Rxf7 Qxf7 27. Qe2 Rf8 28. Ng5 $6 (28.
h3 $5) 28... Qf5 $6 (28... Bh5 $1 29. f3 (29. g4 Qf5 30. gxh5 Qxg5) 29... Qf6
30. Qe6+ Qxe6 31. Nxe6 Bxf3 $1) 29. f4 $1 Nd3 30. Nf3 (30. Ne6 Bh5 31. Nxg7 (
31. Qxd3 Bxd1) 31... Bxe2 32. Nxf5 Bxd1 33. Nxe7+ Kg7 34. Nxc6 Re8 $19 35. Bxd5
) (30. Bh3) 30... Qe4 31. Kf1 $2 (31. Qxe4 $1 Bxe4 (31... dxe4 $5) 32. Ne5 Bxe5
33. fxe5 Rb8 $19) 31... Rb8 $1 (31... Qxe2+ 32. Kxe2 Nxb2 33. Rc1 Bd3+ 34. Kd2)
32. Rd2 c5 $2 {Ik was hier tijdens de partij ook zeer ontevreden over. Tijdens
de analyse is er geen aandacht besteed aan deze zet. Dit was uiteraard
onterecht. Hierdoor krijgt wit hele goede tegenkansen.} (32... Qxe2+ $1 33.
Kxe2 Nxb2 {Dit was een stuk gemakkelijker. Met twee pionnen voorsprong en
initiatief zou ik dit toch wel moeten kunnen winnen.}) 33. Ne5 $2 (33. Ng5 $1
Qxe2+ 34. Kxe2 e6 $1 (34... Nxb2 35. Bxd5+ Kh8 36. dxc5 Bc3 37. Ne6 $1 $132)
35. Rxd3 (35. Nxe6 Nc1+ 36. Kd1 Nb3 37. Rf2 Bh5+ 38. Ke1) 35... Bxd4 36. Rd2
Bxb2 37. Nxe6 Bxa3 38. Bxd5 $132) 33... Qxe2+ 34. Kxe2 Nxe5 35. dxe5 e6 {
Hier dacht ik dat ik dit wel kon uitspelen.} 36. g4 $6 Kf8 (36... Rb4 $1 37. f5
(37. Ke3 Bh6 38. g5 Bf8) 37... Rxg4 38. Bf3 Bxf5 39. Bxg4 Bxg4+ $19 {Ik had dit
ook gezien, maar ik wilde geen risico nemen. Een onzin gedachte. Zwart heeft
gewoon vier pionnen voor de kwalitieit.}) 37. Kd1 Rb4 $1 38. f5 $2 (38. Rf2 {
objectief gezien het beste.} Ke7 $17) 38... exf5 39. gxf5 (39. Bxd5 Bh6 $1) (
39. Rxd5 Rxb2) 39... Bh5+ 40. Kc2 (40. Ke1 Bxe5 41. Bxd5 Bxb2 $19) 40... Bxe5
41. Rxd5 $2 {De beslissende fout.} (41. Kb1 d4 $19 {
Zwart staat twee pionnen voor en heeft het loperpaar.}) 41... Rxb2+ 42. Kc1 (
42. Kd3 Bf6 43. Rd6 Be7 44. Rh6 Be2+ 45. Ke4 c4 {en zwart wint het witte paard.
}) 42... Re2 $1 43. Bf1 Bf4+ 0-1

[Event "NK Jeugd t/m 20"]
[Site "Mainz - Emsdetten"]
[Date "2008.05.02"]
[Round "8"]
[White "Pruijssers, Roeland"]
[Black "Laarhoven, Thijs"]
[Result "1-0"]
[WhiteElo "2390"]
[BlackElo "2230"]
[Annotator "Pruijssers,Roeland"]
[PlyCount "45"]
[SourceDate "2007.05.04"]

{Mueller,Karsten: 'Bei den Kommentaren zur folgenden Partie stütze ich mich
auf eine Analyse von Dirk Poldauf in Schach 1/2001.'} 1. e4 d5 2. exd5 Qxd5 3.
Nc3 Qa5 4. d4 Nf6 5. Bc4 Bg4 6. Nf3 (6. Nge2 {Morozevich,A - Tkachiev,V New
Delhi Teheran 2000. Dit lijkt de cruciale partij op openingsgebied. In de
megadatabase staat een mooie analyse van Karsten Müller.}) (6. f3 $5) 6... Nc6
$1 {Tijdens de partij dacht ik ook dat dit 'the most challenging' was. Nu
lijkt deze openingsstelling een interessante sprong te maken in populariteit.
Ik denk dat we meer van dit gaan zien in de toekomst.} (6... e6 7. h3 Bxf3 8.
Qxf3 c6 9. Bd2 Qc7 10. O-O-O Nbd7 11. g4 $36 {
Motylev,A - Malakhov,V Kolontaevo 1997}) 7. h3 {
Ik denk dat Thijs in deze partij dit systeem simpelweg weerlegd heeft.} (7. d5
$5) (7. Be3 $5) 7... Qh5 (7... Bxf3 $5 8. Qxf3 O-O-O 9. d5 Ne5 10. Qf5+ Ned7
11. Bd2 e6 $1 12. Qg5 Nb6 13. Bb3 h6 14. Qg3 Nbxd5 $1 15. O-O-O $17 {
Baba,M - Tomczak,J XXIV Open, Cappelle La Grande FRA 2008}) 8. Be2 O-O-O 9. O-O
(9. Bf4 Nxd4 $1 10. Nxd4 Bxe2 11. Qxe2 (11. Ncxe2 e5 12. g4 Qg6 13. Bxe5 Qe4 $1
) 11... Rxd4 12. Qxh5 Nxh5 13. Bxc7 e6 $11 {Shetty,R - Sulskis,S Dubai 2002}) (
9. Be3 $5 e5) 9... Nxd4 (9... e5 10. d5 Bc5 11. Be3 (11. hxg4 $5) 11... Bxe3
12. fxe3 Bxf3 13. Bxf3 Qg5 $44 {Benkovic,P - Sutorikhin,V Vrsac 2000}) 10. Nxd4
{Hier bood ik remise aan. Dit aanbod lijkt me op zich goed getimed en terecht
aangeboden. Thijs laat zich echter van zijn beste kant zien en speelt door.
Thijs had voor deze partij bij mij een schuif-imago. Nou, nu dus echt niet
meer!} (10. hxg4 Nxg4 11. Bf4 Nxf3+ 12. Bxf3 Rxd1 13. Raxd1 {
en wit lijkt te weinig te hebben.}) 10... Bxe2 11. Qxe2 $6 (11. Ncxe2 $1 {
wit heeft niets beters dan op gelijkspel proberen te spelen.} e5 12. Be3 Qg6
13. Qe1 exd4 14. Nxd4 Bc5 15. Rd1 Rhe8 16. Qa5 $11) 11... Rxd4 12. Qe3 (12.
Qxh5 $5 Nxh5 13. Nb5 Ra4 14. Be3 a6 15. b3 Ra5 16. Na7+ Kd8 17. Rfd1+ Ke8 18.
c4 $44) 12... Qc5 $5 $146 (12... e5 $1 13. Nb5 Rd1 (13... Rb4 $5) 14. g4 $1
Nxg4 $2 15. hxg4 $2 (15. Qc3 $1 Rxf1+ 16. Kxf1 Nh2+ 17. Kg2 Qg6+ 18. Kxh2 Qb6
19. Qxe5 Qxf2+ 20. Kh1 Qf1+ $11) 15... Qxg4+ 16. Qg3 Rxf1+ $19 {
Keitlinghaus,L - Zvara,P Ceske Budejovice 1995}) 13. Nb5 (13. Qf3 Qc6 $1 14.
Qxc6 bxc6 15. Be3 Rc4 {wit heeft wat compensatie, maar dat dat niet voldoende
is moet duidelijk zijn. Toch lijkt dit de beste optie voor wit.}) (13. Qg3 Qd6
14. Qf3 Qc6 {zie 13.Df3 Dc6}) 13... Rd5 14. Nxa7+ (14. Nc3 Qxe3 15. Bxe3 Rd7
16. Rfd1 a6 $17) 14... Kb8 15. Qxc5 Rxc5 16. Be3 (16. Rd1 Kxa7 17. Be3 b6 18.
Bxc5 bxc5 $17) 16... Re5 $2 (16... Ra5 17. Rad1 c5 $1 {Ik zag dit tijdens de
partij en was heel opgelucht dat Thijs dit niet zag. Na de analyse liet ik het
zien en we vonden niets voor wit.} 18. Rd8+ Kxa7 19. b4 Ra6 20. Bxc5+ b6 21.
Bxe7 Bxe7 22. Rxh8 Bxb4 $17) (16... Rxc2 17. Rfd1 b6 18. Nb5 Rxb2 19. a4 $44 {
Ik bedacht me hier dat wit nog wel eens hele goede compensatie zou kunnen
hebben.}) 17. Rad1 $1 Nd5 18. Nb5 b6 $6 {
Thijs had veel tijd verbruikt en begon in tijdnood te raken.} (18... Kc8 $1 19.
Bd4 (19. c4 Nxe3 20. fxe3 c6 (20... f5 21. Rd5 $1) 21. Nc3 $1 (21. Nd4 f6 22.
Kf2 e6 23. a3 $14) 21... f6 22. Na4 $140 $1 e6 23. Nb6+ Kc7 24. Na8+ Kb8 25.
Rd8+ Ka7 26. b4) 19... Re2 20. c4 Nf4 21. Be3 Ne6) 19. Bd4 $5 (19. c4 $1 Nxe3
20. fxe3 f6 21. Rd8+ Kb7 22. Kf2 $16) 19... Re2 20. c4 Nb4 $2 (20... Nf4 $1 21.
Be3 Ne6 22. Bd2 g6 23. Nc3 Re5 24. Nd5 $14) 21. Bc3 $1 Nc6 22. Rd7 Na7 $2 {
DIt maakt het een stukje makkelijker voor wit.} (22... Re4 23. b3 h5 24. Rxc7
Nd8 25. Rd1 Ne6 26. Ra7 $18) 23. Nxc7 $18 1-0

[Event "NK Jeugd t/m 20"]
[Site "Mainz - Emsdetten"]
[Date "2008.05.03"]
[Round "9"]
[White "Bitalzadeh, Ali"]
[Black "Pruijssers, Roeland"]
[Result "1/2-1/2"]
[WhiteElo "2290"]
[BlackElo "2390"]
[Annotator "Pruijssers,Roeland"]
[PlyCount "35"]
[SourceDate "2007.05.04"]

1. d4 Nf6 2. c4 g6 3. Nc3 Bg7 4. e4 d6 5. Nf3 O-O 6. Be2 e5 7. O-O Na6 {
Dit scheen als een verrassing te komen voor Ali. Voor mij leek dit echter een
logische keuze. 7...Pc6 is veel te heftig.} 8. Be3 Ng4 9. Bg5 Qe8 10. dxe5 dxe5
11. h3 h6 12. Bd2 Nf6 13. Be3 Qe7 14. Nd5 Qd8 15. Qc1 (15. Nxf6+ $5 {
o.a gespeeld door Kramnik. Dit lijkt me de betere keuze.}) (15. Qc2 $5 {
Beliavsky,A - McShane,L Igualada 2005}) 15... Kh7 (15... Nxe4 16. Bxh6 c6 17.
Bxg7 Kxg7 18. Nc3 (18. Ne3 $6 Qe7 {
Bercys,S - Ludwig,D Dallas 2006. zonder al te veel problemen voor zwart.})
18... Nxc3 19. Qxc3 $14 {Pham Minh Hoang - Lane,G Budapest 2002}) 16. Qc2 $6 {
Dit lijkt niet echt logisch.} (16. Nxf6+ Qxf6 17. c5 Nb4 18. Rd1 a5 19. a3 Nc6
20. b4 axb4 21. axb4 Rxa1 22. Qxa1 Nxb4 23. Qa5 Nc2 24. Qxc7 Nxe3 25. fxe3 Qe6
$15 {0-1 Brito,A-Smirin,I/Las Palmas 1997/EXT 99 (42)}) (16. Rd1 Nxe4 (16...
Nd7 $5 17. c5 $36 {Yrjola,J - Ilincic,Z Batumi 1999}) 17. c5 $5 (17. Nb6 axb6
18. Rxd8 Rxd8 $44) 17... Bd7 18. c6 bxc6 (18... Bxc6 19. Bxa6 Bxd5 20. Bxb7 $16
) 19. Bxa6 (19. Nc3 Nac5 $17) 19... cxd5 20. Rxd5 c6 21. Rd1 Qc7 {Wells,P - Gal
lagher,J Germany 1999. Nu lijkt de witte compensatie niet echt duidelijk.})
16... Nd7 $5 17. c5 $6 c6 $1 {Hier bood ik remise aan, omdat ik dacht dat wit
slecht stond. Dit nam hij na lang denken aan en kon ik mezelf een jaar lang
Nederlands Jeugdkampioen noemen.} 18. Nb4 (18. Nc3 Ndxc5) (18. Bxa6 cxd5 19.
Bb5 dxe4 (19... d4 $11) 20. Qxe4 f5 21. Qc2 e4 22. Nd4 Ne5 $36) 1/2-1/2